01438 a2200253 45000010006000000050017000060080041000230030015000640400040000790800055001192450082001740200022002562640031002783000019003095050552003280410008008801000025008887000031009137000020009447000021009647000020009857000020010058560159010252964420260407155606.0260407a2009 arg spa dAR-UNSa-BCEJYS aAR-UNSa-BCEJYSbspacAR-UNSa-BCEJYS a330.32xNueva formación de capital (Inversión)10aTendencias y determinantes del proceso de inversión en Argentinap2002-2007 a978-987-1560-03-5 1aBuenos Aires :bPNUDc2009 a138 p.c29 cm. a1. Algunas consideraciones sobre la evolución macroeconómica reciente - 2. El entorno macroeconómico del proceso de inversión - 3. Evolución de la inversión bruta interna fija - 4. La evolución del stock de capital y de la productividad de los factores - 5. El patrón sectorial del proceso de inversión - 6. Las inversiones en el sector agropecuario - 7. Desempeño e inversión en la industria manufacturera - 8. El escenario Pyme - 9. Las estrategias de innovación predominantes - 10. Síntesis y principales conclusiones. aspa1 aBonvecchi, Carlos E.1 aFernández Bugna, Cecilia1 aSuárez, Diana1 aLugones, Gustavo1 aVismara, Felipe1 aPorta, Fernando41uhttps://biblioeco.unsa.edu.ar/pmb/images/libros/Tendencias y Dereminantes del Proceso de Inversi?n en Argentina-l118554.jpgyImagen de portadaqimage/jpeg